00801nam a22001577a 4500008004100000050002500041245027700066260005700343300001700400440003300417500001900450800002400469942001200493999001600505952012200521140911b xxu||||| |||| 00| 0 eng d aKF101.A312(vol. 113) aUnited States Supreme Court Reports October term, 1990:bCases contained in U.S. reports vol. 499 US (option pages 1 to end), Lawyers' edition, second series, complete with headnotes, summaries of decisions and briefs, annotations, tables, and index. /cSheldon R. Shapiro aNew York:bThe Lawyers co-operative pub. co.,c1993. axliiic24cm. vVol. 113nOctober term, 1990 aIncludes index aShapiro, Sheldon R. 2lcccBK c4733d12233 00102lcc4070aWIUC-1bWIUC-1cLLd2014-09-11l0oKF101.A312(vol. 113)p068/13r2014-09-11 00:00:00w2014-09-11yBK